| 000 | 00610 a2200181 4500 | ||
|---|---|---|---|
| 020 | _a0130858633 | ||
| 020 | _a9780130858634 | ||
| 082 | 0 | 4 | _a520 |
| 090 |
_c803 _d803 |
||
| 100 | 1 | _aChaisson, Eric. | |
| 245 | 1 | 0 |
_aAstronomy today, 2000 media update edition / _cEric Chaisson, Steve McMillan. |
| 250 | _a3rd ed. | ||
| 260 |
_a[S.l.] : _bPrentice Hall College Div, _c1999. |
||
| 300 |
_a693 p. ; _c28 cm. |
||
| 700 | 1 | _aMcMillan, Steve. | |
| 942 |
_aSNS _cBK _k520 CHA |
||
| 999 |
_c29427 _d29427 |
||